000 00603nam a22001937a 4500
005 20140424160419.0
010 _aENG-109604
020 _c295.00
_a9788189941215
035 _aEN-93137
037 _bDBAD/PUB
082 _a639.805
100 _aArumugam, N.
245 _aAquaculture and fisheries /
_cby N. Arumugam
260 _bSaras Publication
_c2012
_aNagercoil
270 _bNagercoil
_e629002
_a114/35G, A. R. P. Camp Road, Periavilai, Kottar P. O.,
300 _axxviii,344,454p. :
_c23cm(pbk)
_bill.
500 _aIncludes index
942 _2ddc
_cEN
_mARU
_h639.805
999 _c83143
_d83143